000 00821nam a2200265Ia 4500
003 OSt
005 20220928111220.0
006 a|||||r|||| 00| 0
007 ta
008 220927b |||||||| |||| 00| 0 eng d
020 _c14994.780000000001
024 _a109144
037 _b58, 13/09/2010, Aviva Books Company
_cTextual
040 _aSDCL
_cSDCL
_beng
041 _2eng
_aeng
082 _aS:4g, Q0
100 _aGallagher Shaun Ed.
_9422716
245 0 _aHandbook of phenomenology and cognitive science.
260 _aNew York
_b Springer
_c2010
300 _a688p.
_ccm.
650 _aPsychology
700 _a Schmicking Daniel Ed.
_9422717
942 _hS:4g, Q0
_cTEXL
_2CC
999 _c739114
_d739114